|
|
|
|
| LEADER |
00000nab a2200000 a 4500 |
| 001 |
vtls000777753 |
| 003 |
SK-MaSNL |
| 005 |
20260318114841.0 |
| 008 |
160405c2001 xo 0 hun |
| 015 |
|
|
|a SNBRB2001/12-36267
|
| 035 |
|
|
|a CLN000129535
|
| 040 |
|
|
|a SNKBUCL
|b slo
|c SNKBUCL
|e AACR2
|
| 041 |
0 |
|
|a hun
|
| 044 |
|
|
|a xo
|c SK
|
| 080 |
|
|
|a 312(437.6)
|2 1997
|
| 080 |
|
|
|a 323.15(437.6=945.11)
|2 1997
|
| 100 |
1 |
|
|a Kövesdi, Károly,
|d 1953-
|4 aut
|9 264403
|
| 245 |
1 |
0 |
|a Lappangó magyarok - mellébeszélő politikusok
|c Kövesdi Károly
|
| 300 |
|
|
|b Fotogr.
|
| 650 |
0 |
7 |
|a sčítanie ľudu
|z Slovensko
|x Maďari
|x asimilácia
|2 snkbucl
|9 846877
|
| 650 |
0 |
7 |
|a Maďari
|z Slovensko
|x sčítanie ľudu
|x asimilácia
|2 snkbucl
|9 846878
|
| 655 |
|
7 |
|a články z novín a časopisov
|2 snkbucl
|9 267496
|
| 773 |
0 |
|
|t Vasárnap
|g Roč. 34, č. 46 (2001), s. 9
|
| 850 |
|
|
|a Slovenská národná knižnica v Martine
|
| 852 |
|
|
|a SNK
|b KIS3GCP
|
| 958 |
|
|
|a HU
|
| 958 |
|
|
|a SK
|
| 958 |
|
|
|a RBX
|
| 999 |
|
|
|c 3293166
|d 3295096
|